Obras del V. P. M. Fray Luis de Granada. (Registro nro. 65175)

Detalles MARC
000 - Líder
Campo de control de longitud fija 01281nam a22003377a 4500
003 - Identificador de número de control
Campo de control OSt
005 - Fecha y hora de la última transacción
Campo de control 20260703092950.0
008 - Elementos de datos de longitud fija - Información general
Campo de control de longitud fija 260703b ar ||||| |||| 00| | spa d
040 ## - Fuente de catalogación
Agencia de catalogación HCSPBA
041 ## - Código de idioma
Idioma Español
942 ## - Elementos de entrada adicional
Tipo de ítem LIBROS
100 ## - Autor
Nombre personal Granada, Luis de
700 ## - Autor
Nombre personal Mora, José Joaquín
Función Prólogo
245 ## - Título propiamente dicho
Título Obras del V. P. M. Fray Luis de Granada.
Número de parte/sección de una obra Tomo 3.
260 ## - Publicación, Distribución, etc.
Lugar de publicación, distribución, etc. Madrid.
Nombre del editor, distribuidor, etc. M. Rivadeneyra.
Fecha de publicación, distribución, etc. 1863.
300 ## - Descripción física
Extensión 3 v.
490 ## - Declaración de serie
Mención de serie Biblioteca de autores españoles, desde la formación del lenguaje hasta nuestros días
Volumen/designación secuencial 11
505 ## - Nota de contenido formateado
Nota de contenido/Índice Indice
505 ## - Nota de contenido formateado
Nota de contenido/Índice Trece sermones del V.P.M. Fr. Luis de Granada
505 ## - Nota de contenido formateado
Nota de contenido/Índice Compendio y explicación de la doctrina cristiana
505 ## - Nota de contenido formateado
Nota de contenido/Índice Breve memorial y guía de lo que debe hacer el cristiano
505 ## - Nota de contenido formateado
Nota de contenido/Índice Discurso del ministerio de la encarnación del hijo de Dios
505 ## - Nota de contenido formateado
Nota de contenido/Índice Oración al glorioso patriarca sancto Domingo. Compendio de la doctrina espiritual
505 ## - Nota de contenido formateado
Nota de contenido/Índice Vida del bienaventurado P. Sant Juan Clímaco
505 ## - Nota de contenido formateado
Nota de contenido/Índice Escala espiritual
505 ## - Nota de contenido formateado
Nota de contenido/Índice Contemptus mundi, o menosprecio del mundo y imitación de Cristo
505 ## - Nota de contenido formateado
Nota de contenido/Índice Los seis libros de la retórica eclesiástica, o de la manera de predicar
650 ## - Asunto - Temas
Tema LITERATURA
650 ## - Asunto - Temas
Tema HISTORIA
651 ## - Asunto - Nombre geográfico
Nombre geográfico ESPAÑA
999 ## -
-- 65175
-- 134644
Existencias
Biblioteca depositaria Tipo de ítem Colección Signatura topográfica Código de barra Préstamo - Restricciones Fecha de adquisición
Biblioteca Legislativa y Pública "Eva Perón" LIBROS Fondo general 1803 T.11 LEG-LIB-020917 Sala de lectura 03.07.2026

Con tecnología Koha